Kadrowicze Pawła Janasa - Statystyki

Ogólne statystyki
  • Ten quiz został rozwiązany 26 razy
  • Średni wynik to 51 z 89
Statystyki odpowiedzi
Mecze Pozycja Piłkarz % Poprawnych
31 Bramkarz Jerzy Dudek
100%
20 Bramkarz Artur Boruc
94%
1 Obrońca Dariusz Żuraw
94%
35 Obrońca Jacek Bąk
94%
35 Pomocnik Jacek Krzynówek
94%
3 Obrońca Marcin Kuś
94%
1 Napastnik Marcin Żewłakow
94%
29 Obrońca Michał Żewłakow
94%
16 Napastnik Tomasz Frankowski
94%
15 Obrońca Tomasz Hajto
94%
16 Napastnik Andrzej Niedzielan
89%
12 Obrońca Arkadiusz Głowacki
89%
4 Napastnik Emmanuel Olisadebe
89%
15 Napastnik Euzebiusz Smolarek
89%
30 Napastnik Grzegorz Rasiak
89%
2 Bramkarz Łukasz Fabiański
89%
35 Napastnik Maciej Żurawski
89%
7 Obrońca Marcin Wasilewski
89%
13 Obrońca Mariusz Jop
89%
22 Pomocnik Mariusz Lewandowski
89%
28 Pomocnik Mirosław Szymkowiak
89%
25 Obrońca Tomasz Rząsa
89%
38 Pomocnik Kamil Kosowski
83%
33 Obrońca Marcin Baszczyński
83%
7 Napastnik Paweł Brożek
83%
6 Napastnik Paweł Kryszałowicz
83%
7 Pomocnik Radosław Kałużny
83%
27 Pomocnik Sebastian Mila
83%
12 Obrońca Bartosz Bosacki
78%
8 Pomocnik Dariusz Dudka
78%
12 Napastnik Ireneusz Jeleń
78%
1 Pomocnik Jakub Błaszczykowski
78%
21 Pomocnik Radosław Sobolewski
78%
23 Pomocnik Arkadiusz Radomski
72%
5 Obrońca Jacek Zieliński
72%
8 Pomocnik Mariusz Kukiełka
72%
30 Obrońca Tomasz Kłos
72%
4 Bramkarz Tomasz Kuszczak
72%
4 Pomocnik Bartosz Karwan
67%
3 Napastnik Marcin Kuźba
67%
9 Napastnik Marek Saganowski
67%
2 Pomocnik Piotr Świerczewski
67%
3 Bramkarz Wojciech Kowalewski
67%
1 Napastnik Grzegorz Piechna
61%
5 Pomocnik Marek Zieńczuk
61%
1 Pomocnik Adam Majewski
56%
4 Napastnik Artur Wichniarek
56%
4 Bramkarz Grzegorz Szamotulski
56%
3 Obrońca Jacek Kowalczyk
56%
3 Obrońca Tomasz Kiełbowicz
56%
4 Pomocnik Tomasz Zdebel
56%
3 Napastnik Łukasz Sosin
50%
3 Pomocnik Przemysław Kaźmierczak
50%
3 Pomocnik Łukasz Madej
44%
8 Pomocnik Marcin Zając
44%
4 Pomocnik Piotr Giza
44%
6 Napastnik Tomasz Dawidowski
44%
14 Pomocnik Damian Gorawski
39%
3 Pomocnik Łukasz Surma
39%
5 Obrońca Maciej Stolarczyk
39%
10 Pomocnik Marcin Burkhardt
39%
3 Napastnik Piotr Włodarczyk
39%
2 Obrońca Seweryn Gancarczyk
39%
1 Pomocnik Wahan Geworgian
39%
2 Napastnik Adrian Sikora
33%
2 Bramkarz Maciej Nalepa
33%
3 Obrońca Marcin Adamski
33%
2 Bramkarz Mariusz Liberda
33%
2 Napastnik Bartosz Ślusarski
28%
1 Pomocnik Konrad Gołoś
28%
4 Pomocnik Patryk Rachwał
28%
2 Pomocnik Roman Dąbrowski
28%
2 Bramkarz Sebastian Przyrowski
28%
2 Pomocnik Marcin Kaczmarek
22%
1 Pomocnik Marcin Nowacki
22%
1 Pomocnik Michał Goliński
22%
2 Pomocnik Piotr Piechniak
22%
7 Obrońca Jarosław Bieniuk
17%
1 Obrońca Krzysztof Ratajczyk
17%
2 Pomocnik Maciej Scherfchen
17%
2 Pomocnik Marcin Radzewicz
17%
6 Obrońca Paweł Kaczorowski
17%
1 Pomocnik Grzegorz Bonin
11%
1 Obrońca Mariusz Mowlik
11%
3 Obrońca Michał Stasiak
11%
2 Obrońca Mirosław Sznaucner
11%
3 Obrońca Rafał Lasocki
11%
2 Obrońca Tomasz Jarzębowski
11%
1 Pomocnik Tomasz Mazurkiewicz
11%
Nie znaleziono quizów pasujących do podanych kryteriów
Rozkład punktacji
Procent ludzi z każdym wynikiem
Percentyl według liczby udzielonych odpowiedzi
Twoja historia wyników
Nie rozwiązałeś tego quizu